000 00317nam a2200133Ia 4500
008 240624s9999 xx 000 0 und d
041 _aeng
082 _a657.45 ICF
100 _aICFAI
245 _aAUDITING II WORKBOOK
260 _c2004
_aHyderabad
_bICFAI University
300 _a338 : p. : cm. ; 27
365 _cRS
999 _c5929
_d5929